| 000 | 00885nam a2200253 i 4500 | ||
|---|---|---|---|
| 001 | 176842 | ||
| 003 | ES-MaACL | ||
| 005 | 20230906220208.0 | ||
| 008 | 110214s1957 sp af |||| | spa d | ||
| 080 | _a75 Dufy, Raoul | ||
| 100 | 1 |
_aGauthier, Maximilien. _956036 |
|
| 245 | 1 | 0 |
_aRaoul Dufy _b: (1877-1953) / _ctexto de Maximilien Gauthier ; traducción de R. Santos Torroella. |
| 260 |
_aBarcelona : _bTimun Mas, _c[1957] |
||
| 300 |
_a[72] p., lám. col. y n. (algunas pleg.) ; _c18 cm. |
||
| 490 | 1 | _aEl libro de arte de bolsillo | |
| 500 | _aEncuadernado con otros títulos. | ||
| 504 | _aBibliografía: p. [72] | ||
| 597 | _aEn el lomo: Tomos XII-XV. | ||
| 600 | 1 | 4 |
_aDufy, Raoul. _9145182 |
| 700 | 1 |
_aSantos Torroella, Rafael. _9103536 |
|
| 830 | 0 |
_aEl libro de arte de bolsillo _9183601 |
|
| 852 |
_aES-MaACL _jE-14307 (14) _xOlim P-144 |
||
| 999 |
_c176842 _d176842 |
||